>Eric Ahasic game 5.
Sarah Whitcomb Foss's last game as a member of the Clue Crew.
>Contestants
>r>
[<< previous game]
|
>Siobhan Doherty, a voice and speech teacher originally from Santa Barbara, California
>Randy Moss, an attorney from Walnut Creek, California
>Eric Ahasic, a meteorologist from Minneapolis, Minnesota (whose 4-day cash winnings total $105,801)
|
[next game >>]
|
>table>
>Jeopardy! Round responses
<tr>
<td class="category">
ble>
>d class="category_name">WHERE AM I?>tr>
>d class="category_comments">>tr>
ble>
>d class="category_name">MOVIES WITH NARRATORS>tr>
>d class="category_comments">>tr>
|
ble>
>d class="category_name">ANIMAL ANAGRAMS>tr>
>d class="category_comments">>tr>
ble>
>d class="category_name">THE SHIRT OFF OUR BACK>tr>
>d class="category_comments">>tr>
ble>
>d class="category_name">U.S. DATES>tr>
>d class="category_comments">>tr>
ble>
>d class="category_name">JANE AUSTEN-TATIOUS>tr>
>d class="category_comments">>tr>
</tr>
<tr>
<td class="clue">
<tr>
<td>
</tr>
<tr>
<td class="clue_text">>the (National) Mall>r />r />
<tr>
<td>
</tr>
<tr>
<td class="clue_text">>>The Wolf of Wall Street>r />r />
<tr>
<td>
</tr>
<tr>
<td class="clue_text">a flea (from leaf)>r />r />
<tr>
<td>
</tr>
<tr>
<td class="clue_text">crew (a crew neck)>r />r />
<tr>
<td>
</tr>
<tr>
<td class="clue_text">September 11th>r />r />
<tr>
<td>
</tr>
<tr>
<td class="clue_text">>>Pride and Prejudice>r />r />
</tr>
<tr>
<td class="clue">
<tr>
<td>
</tr>
<tr>
<td class="clue_text">Boston>r />r />
<tr>
<td>
</tr>
<tr>
<td class="clue_text">>>Apocalypse Now>r />r />
<tr>
<td>
</tr>
<tr>
<td class="clue_text">a snake (from sneak)>r />r />>r>>Triple Stumper | >table>
</tr>
<tr>
<td>
</tr>
<tr>
<td class="clue_text">a Hawaiian shirt>r />r />
<tr>
<td>
</tr>
<tr>
<td class="clue_text">July 11th>r />r />
<tr>
<td>
</tr>
<tr>
<td class="clue_text">pounds>r />r />
</tr>
<tr>
<td class="clue">
<tr>
<td>
</tr>
<tr>
<td class="clue_text">College Station>r />r />
<tr>
<td>
</tr>
<tr>
<td class="clue_text">>>Goodfellas>r />r />
<tr>
<td>
</tr>
<tr>
<td class="clue_text">hogs (from gosh)>r />r />
<tr>
<td>
</tr>
<tr>
<td class="clue_text">flannel shirts>r />r />
<tr>
<td>
</tr>
<tr>
<td class="clue_text">(Eric: What is Groundhog's Day? What is [*]?) >r />February 2nd>r />r />
<tr>
<td>
</tr>
<tr>
<td class="clue_text">>>Sense and Sensibility>r />r />
</tr>
<tr>
<td class="clue">
<tr>
<td>
</tr>
<tr>
<td class="clue_text">the Presidio>r />r />
<tr>
<td>
</tr>
<tr>
<td class="clue_text">>>Stand By Me>r />r />
<tr>
<td>
</tr>
<tr>
<td class="clue_text">a stoat (from toast)>r />r />
<tr>
<td>
</tr>
<tr>
<td class="clue_text">Oxford>r />r />
<tr>
<td>
</tr>
<tr>
<td class="clue_text">(Eric: What is Memorial Day?) >(Mayim: Looking for the date, no.) (Eric: What is May 31st?) >(Mayim: [Not expecting Eric to respond again] Nope.) (Siobhan: What is May 31st?) >r />November 11th>r />r />>r>>Eric | >Siobhan | >table>>r>>Triple Stumper | >table>
</tr>
<tr>
<td>
</tr>
<tr>
<td class="clue_text">Hampshire>r />r />
</tr>
<tr>
<td class="clue">
<tr>
<td>
</tr>
<tr>
<td class="clue_text">the Outer Banks>r />r />
<tr>
<td>
</tr>
<tr>
<td class="clue_text">>>Sunset Boulevard>r />r />
<tr>
<td>
</tr>
<tr>
<td class="clue_text">[Mayim corrects Eric's pronunciation from "RAY-uh" to "REE-uh".] >r />rhea (from hear)>r />r />
<tr>
<td>
</tr>
<tr>
<td class="clue_text">Peter Pan>r />r />
<tr>
<td>
</tr>
<tr>
<td class="clue_text">June 19th (Juneteenth)>r />r />
<tr>
<td>
</tr>
<tr>
<td class="clue_text">>>Northanger Abbey>r />r />
</tr>
able>
>Scores at the first commercial break (after clue 15):
>Eric |
>Randy |
>Siobhan |
>$5,000 |
>$1,200 |
>$2,200 |
>Scores at the end of the Jeopardy! Round:
>Eric |
>Randy |
>Siobhan |
>$7,600 |
>$5,400 |
>$2,400 |
>Double Jeopardy! Round responses
<tr>
<td class="category">
ble>
>d class="category_name">A HISTORY OF NONVIOLENCE>tr>
>d class="category_comments">>tr>
ble>
>d class="category_name">NOTES FOR A BIOGRAPHY>tr>
>d class="category_comments">>tr>
|
|
ble>
>d class="category_name">KILLER TUNES>tr>
>d class="category_comments">>tr>
|
|
ble>
>d class="category_name">EARTH SCIENCE>tr>
>d class="category_comments">>tr>
|
|
ble>
>d class="category_name">SECRET SERVICES>tr>
>d class="category_comments">>tr>
|
|
ble>
>d class="category_name">P IS THE ONLY CONSONANT>tr>
>d class="category_comments">>tr>
|
|
</tr>
<tr>
<td class="clue">
<tr>
<td>
</tr>
<tr>
<td class="clue_text">Gandhi>r />r />
<tr>
<td>
</tr>
<tr>
<td class="clue_text">the Pony Express>r />r />
<tr>
<td>
</tr>
<tr>
<td class="clue_text">"Another One Bites The Dust">r />r />
<tr>
<td>
</tr>
<tr>
<td class="clue_text">mountains>r />r />
<tr>
<td>
</tr>
<tr>
<td class="clue_text">the White House>r />r />
<tr>
<td>
</tr>
<tr>
<td class="clue_text">a pup>r />r />
</tr>
<tr>
<td class="clue">
<tr>
<td>
</tr>
<tr>
<td class="clue_text">Student>r />r />
<tr>
<td>
</tr>
<tr>
<td class="clue_text">the People's Republic of China>r />r />
<tr>
<td>
</tr>
<tr>
<td class="clue_text">Snoop Dogg>r />r />
<tr>
<td>
</tr>
<tr>
<td class="clue_text">fracking>r />r />
<tr>
<td>
</tr>
<tr>
<td class="clue_text">MI5 & MI6>r />r />
<tr>
<td>
</tr>
<tr>
<td class="clue_text">an ape>r />r />
</tr>
<tr>
<td class="clue">
<tr>
<td>
</tr>
<tr>
<td class="clue_text">(Siobhan: What is France?) (Randy: What is Spain?) >r />m class="correct_response">Portugal>r />r />>r>>Eric | >Randy | >Siobhan | >table>
</tr>
<tr>
<td>
</tr>
<tr>
<td class="clue_text">m class="correct_response">>The Feminine Mystique>r />r />
<tr>
<td>
</tr>
<tr>
<td class="clue_text">m class="correct_response">"I Shot The Sheriff">r />r />
<tr>
<td>
</tr>
<tr>
<td class="clue_text">m class="correct_response">magnetite>r />r />
<tr>
<td>
</tr>
<tr>
<td class="clue_text">m class="correct_response">Israel>r />r />
<tr>
<td>
</tr>
<tr>
<td class="clue_text">[Siobhan gives the English pronunciation.] >r />m class="correct_response">an epee>r />r />
</tr>
<tr>
<td class="clue">
<tr>
<td>
</tr>
<tr>
<td class="clue_text">m class="correct_response">Sitting Bull>r />r />
<tr>
<td>
</tr>
<tr>
<td class="clue_text">m class="correct_response">James I>r />r />
<tr>
<td>
</tr>
<tr>
<td class="clue_text">m class="correct_response">Oingo Boingo>r />r />
<tr>
<td>
</tr>
<tr>
<td class="clue_text">m class="correct_response">hydrosphere>r />r />
<tr>
<td>
</tr>
<tr>
<td class="clue_text">m class="correct_response">the KGB>r />r />
<tr>
<td>
</tr>
<tr>
<td class="clue_text">m class="correct_response">>papi>r />r />
</tr>
<tr>
<td class="clue">
<tr>
<td>
</tr>
<tr>
<td class="clue_text">m class="correct_response">Edward VII>r />r />
<tr>
<td>
</tr>
<tr>
<td class="clue_text">m class="correct_response">camels>r />r />
<tr>
<td>
</tr>
<tr>
<td class="clue_text">m class="correct_response">Nick Cave>r />r />>r>>Triple Stumper | >table>
</tr>
<tr>
<td>
</tr>
<tr>
<td class="clue_text">m class="correct_response">the Cenozoic>r />r />>r>>Triple Stumper | >table>
</tr>
<tr>
<td>
</tr>
<tr>
<td class="clue_text">(Mayim: Less than a minute.) >r />m class="correct_response">Australia>r />r />>r>>Triple Stumper | >table>
</tr>
<tr>
<td>
</tr>
<tr>
<td class="clue_text">m class="correct_response">pupa>r />r />
</tr>
able>
Scores at the end of the Double Jeopardy! Round:
>Eric |
>Randy |
>Siobhan |
$28,400 |
$13,800 |
$3,600 |
>[w agering suggestions for these scores]
Final Jeopardy! Round responses
<tr>
<td class="category">
<table>
<tr>d class="category_name">THE WESTERN HEMISPHERE>tr>
>d class="category_comments">>tr>
</tr>
<tr>
<td class="clue">
<tr>
<td class="clue_text">>r>>Siobhan | >d rowspan="2" valign="top">What is Ecuador?>r>d>$5>r>>Randy | >d rowspan="2" valign="top">What is Peru?>r>d>$200>r>>Eric | >d rowspan="2" valign="top">What is Ecuador?>r>d>$400>table>m class="correct_response">Peru
</tr>
able>
able>
Final scores:
>Eric |
>Randy |
>Siobhan |
$28,000 |
$14,000 |
$3,595 |
Game dynamics:
/h3>
>Eric |
>Randy |
>Siobhan |
$25,600 |
>$13,800 |
>$3,400 |
mbined Coryat: $42,800
Game tape date: 2022-04-19
The J! Archive is created by fans, for fans. Scraping, republication, monetization, and malicious use prohibited; this site may use cookies and collect identifying information. See terms. The Jeopardy! game show and all elements thereof, including but not limited to copyright and trademark thereto, are the property of Jeopardy Productions, Inc. and are protected under law. This website is not affiliated with, sponsored by, or operated by Jeopardy Productions, Inc. Join the discussion at JBoard.tv.
| | | | | | | | | | | | | | | | | | | | | | | | | | | | | | | | | | | | | | | | | | | | | | | | |